Most Populated Country By Largest Bodies Of Water - Statistics

General Stats
  • This quiz has been taken 77 times
  • The average score is 14 of 15
Answer Stats
Body of Water Country % Correct
Pacific Ocean China
99%
Indian Ocean India
99%
Atlantic Ocean United States
99%
South China Sea China
97%
Gulf of Mexico United States
97%
East China Sea China
96%
Caribbean Sea Mexico
96%
Bering Sea United States
96%
Mediterranean Sea Egypt
94%
Hudson Bay Canada
93%
Sea of Okhotsk Russia
93%
Arctic Ocean United States
91%
North Sea Germany
83%
Sea of Japan Russia
81%
Andaman Sea Thailand
65%
No matching quizzes found
Score Distribution
Percent of People with Each Score
Percentile by Number Answered
Your Score History
You have not taken this quiz